Colour and light

Bibliographic Details
Main Author: Thompson, Tony
Format: Book
Published: Kuala Lumpur : Penerbitan Gema Insan , 2006
Series:Understanding science series
Subjects:

MARC

LEADER 00000cam a2200000 7i4500
001 0000020730
005 20151222.0
008 080703
020 |a 9835701377 
090 0 0 |a SC   |b ENG 
100 1 |a Thompson, Tony 
245 1 0 |a Colour and light   |c Tony Thompson 
260 |a Kuala Lumpur :   |b Penerbitan Gema Insan ,   |c 2006 
440 |a Understanding science series 
500 |a Children ages 10-12 years old (pink) 
650 0 |a Science   |x Juvenile literature 
999 |a 0000954689   |b Book   |c Children Collection   |e Cawangan Taman Universiti 
999 |a 0000954692   |b Book   |c Children Collection   |e Perbadanan Perpustakaan Awam Johor 
999 |a 0001079929   |b Book   |c Children Collection   |e Cawangan Bukit Gambir